000 00595nam a2200217Ia 4500
003 OSt
005 20220928135732.0
006 a|||||r|||| 00| 0
007 ta
008 220927b |||||||| |||| 00| 0 eng d
024 _a4687
037 _cTextual
040 _aSDCL
_cSDCL
_beng
041 _2eng
_aeng
082 _aX:54.44974'N7, L5
100 _aVon Furer-Haimendorf Christoph
245 0 _aHimalayan traders
_b Life in highland Nepal
260 _c1975
942 _hX:54.44974'N7, L5
_cTEXL
_2CC
999 _c808320
_d808320